Statistics for Countries by Russian Ancestry

Click here to take the quiz!

General Stats

  • This quiz has been taken 74 times
  • The average score is 21 of 25

Answer Stats

RussiansCountry% Correct
8.300.000Ukraine
100%
73.000United Kingdom
100%
1.215.000Germany
95%
3.100.000United States
95%
3.600.000Kazakhstan
94%
470.000Latvia
92%
310.000Estonia
91%
500.000France
91%
180.000Lithuania
91%
705.000Belarus
86%
640.000Uzbekistan
85%
625.000Canada
83%
71.000Spain
83%
78.000Finland
80%
1.850.000Brazil
78%
150.000Italy
78%
350.000Kyrgyzstan
78%
100.000Turkey
78%
80.000Georgia
77%
110.000Moldova
75%
300.000Turkmenistan
75%
68.000Australia
72%
140.000Azerbaijan
72%
450.000Argentina
71%
1.000.000Israel
54%

Score Distribution

Percentile by Number Answered

Percent of People with Each Score

Your Score History

You have not taken this quiz